Aegyptiaca : a catalogue of Egyptian objects in the Aegean area /

First published in 1930, this book collects all of the ancient Egyptian objects dating from before the Twenty Seventh Dynasty that were known to have been found at Greek archaeological sites prior to original publication. The book groups the items by find site, and photographs of many of the objects...

وصف كامل

محفوظ في:

المؤلف الرئيسي: Pendlebury, J. D. S. 1904-1941. (مؤلف)

التنسيق: كتاب

اللغة: English

منشور في: Cambridge : Cambridge University Press ; 2014.

الموضوعات:

الوسوم: إضافة وسم

لا توجد وسوم, كن أول من يضع وسما على هذه التسجيلة!

رقم الطلب: DT73 .A2 P4 2014

LEADER 02315nam a22002537a 4500
003 OSt
005 20251201125440.0
008 251201t2014 enka g c 000 0 eng d
020 |a 9781107418905 
040 |c ARCE Library 
043 |a f-ua--- 
050 1 4 |a DT73 .A2  |b P4 2014 
100 1 |a Pendlebury, J. D. S.   |q (John Devitt Stringfellow),   |d 1904-1941.  |e author 
245 1 0 |a Aegyptiaca :   |b a catalogue of Egyptian objects in the Aegean area /   |c by J.D.S. Pendlebury ; foreword by H.R. Hall. 
264 1 |a Cambridge :   |b Cambridge University Press ;   |c 2014. 
300 |a 120 pages :   |b illustrations ;   |c 24 cm. 
505 0 |a Preface; Foreword; List of plates and maps; Bibliography; Introduction; Part I. Crete: 1. Agios Onouphrios; 2. Agia Triada; 3. Arkades (Aphrati); 4. Dictaean cave (Psykhro); 5. Gournes; 6. Kalyvia; 7. Kavousi; 8. Knossos; 8a. Isopata; 8b. Zafer Papoura; 9. Marathokephalon; 10. Mokhlos; 11. Palaikastro; 12. Platanos; 13. Pyrgos; 14. Vrokastro; 15. Unknown provenance; Part II. Laconia: 16. Vaphio; 17. Sparta; 18. Menelaion; 18a. (Mistra); Part III. Argolid: 19. Mycenae; 20. Argive Heraeum; 21. Dendra; 22. Asine; 23. Calauria; Part IV. Corinthia: 24. Corinth; Part V. Attica: 25. Menidi (Acharnae); 26. Athens; 27. Eleusis; 28. Sunium; Part VI. Boeotia: 29. Thebes; Part VII. Thessaly: 30. Velestino (Pherae); Part VIII. Islands: 31. Aegina; 32. Euboea (Chalcis); 33. Chios (Phana); 34. Paros (Delion); 35. Samos; 36. Thera; Note on Aegean pottery of the Bronze Age found in Egypt; Table of objects according to pottery strata; Table of objects according to dynasties; List of museums in which the objects are to be found; Types of objects and their materials; Objects bearing the names of kings or queens; General index. 
520 |a First published in 1930, this book collects all of the ancient Egyptian objects dating from before the Twenty Seventh Dynasty that were known to have been found at Greek archaeological sites prior to original publication. The book groups the items by find site, and photographs of many of the objects are included at the end of the text. 
650 0 |a Minoans  |x Antiquities  |v Catalogs 
651 0 |a Egypt  |x Antiquities  |v Catalogs 
651 0 |a Aegean Islands (Greece and Turkey)   |x Antiquities. 
901 |a reviewed 
942 |c BK  |2 lcc 
999 |c 27843  |d 27843